000 00587nam a2200217Ia 4500
008 101110s9999 xx 000 0 und d
041 _aENGLISH
082 _bJR5095
100 _aFernandes Sunny, Ashtikar R.G. & others
245 _aBook-keeping and accountancy Std. XI
260 _c2006
_bHimalaya Publishing House, Mumbai
300 _a390
365 _b65
520 _aCommerce
546 _aENGLISH
630 _aBook-keeping and accountancy Std. XI
650 _aCommerce
655 _aCommerce
730 _aBook-keeping and accountancy Std. XI
942 _cBOOK
999 _c795900
_d795897